=LDR 00000nam 2200000 4500 =001 000257 =005 20250710122329 =035 ##$$a 0010-0725000088 =245 1#$$a Akwu dan Es Krimnya /$c Agnes Gyening Asiedu =100 #$$a Agnes Gyening Asiedu =250 ##$$a Cetakan Pertama =300 ##$$a 16 hlm. : $b Ilus. ; $c 29 cm. =856 ##$$a TBM AS SUHADA =260 ##$$a Rawamangun :$b Badan Pengembangan dan Pembinaan Bahasa,$c 2022 =082 ##$$a 398.209 598 =084 ##$$a 398.209 598 GYE a =020 ##$$a 978-623-307-439-1 =650 #4$$a Cerita Anak Indonesia - Terjemahan =650 #4$$a Literasi - Bahan bacaan